000 00410nam a2200169Ia 4500
008 230711s9999||||xx |||||||||||||| ||und||
020 _a978-81-7409-159-9
041 _aENG
082 _a671.52
_bSR-W
100 _aSrinivasan,N.K
245 0 _aWelding technology
250 _a6th Ed.
260 _c2016
_aNew Delhi
_bKhanna Publishers
300 _a272p.
650 _aMechanical Engineering
942 _cBK
999 _c6117
_d6117